Three Stories / (Record no. 143218)

MARC details
000 -LEADER
fixed length control field 00667nam a22002057a 4500
005 - DATE AND TIME OF LATEST TRANSACTION
control field 20181127162445.0
010 ## - LCCN (DPL NO)
LC control number ENG-119613
020 ## - INTERNATIONAL STANDARD BOOK NUMBER
International Standard Book Number 9879382749172
Terms of availability 200.00
035 ## - SYSTEM CONTROL NUMBER
System control number EN-103145
037 ## - SOURCE OF ACQUISITION
Source of stock number/acquisition DBAD/PUB
082 ## - DEWEY DECIMAL CLASSIFICATION NUMBER
Classification number S
100 ## - MAIN ENTRY--PERSONAL NAME
Personal name Das,Jibanananda
245 ## - TITLE STATEMENT
Title Three Stories /
Statement of responsibility, etc by Jibanananda Das ; transleted by Chanak Chatterji ; foreword by Ranjit Hoskote
260 ## - PUBLICATION, DISTRIBUTION, ETC. (IMPRINT)
Place of publication, distribution, etc Mumbai
Name of publisher, distributor, etc Poetrywala imprint of paperwall Media & Publishing
Date of publication, distribution, etc 2016
270 ## - ADDRESS
Address D1201,Octacrest,LokhandwalaTownship,Kandivali
City Mumbai
Postal code 400101
300 ## - PHYSICAL DESCRIPTION
Extent xviii,85p.
Other physical details
Dimensions 22cm(pbk)
700 ## - ADDED ENTRY--PERSONAL NAME
Personal name Chatterji,Chanak
700 ## - ADDED ENTRY--PERSONAL NAME
Personal name Hoskote, Ranjit
942 ## - ADDED ENTRY ELEMENTS (KOHA)
Source of classification or shelving scheme Dewey Decimal Classification
Item type English Books
Classification part S
Call number suffix DAS
Holdings
Withdrawn status Lost status Not for loan Collection code Home library Current library Date acquired Source of acquisition Cost, normal purchase price Full call number Barcode Copy number Cost, replacement price Koha item type
    Not For Loan Fiction D.B.Act.Division Bawana 10/08/2017 DBAD/PUB 200.00 S DAS EN-103145 1 200.00 English Books

© Delhi Public Library
Hit Counter
free hit counter